000 00328 a2200121 4500
245 _abackward place
_hprint
650 _aliterature
005 20191021095547.0
260 _anyu
_bJ. Murray
_c[1965]
084 _aPZ4.J6 Bac2
300 _a255 p. 19 cm.
_b255 p. 19 cm.
_c255 p. 19 cm.
500 _a[by] R. Prawer Jhabvala.
999 _c12392
_d12392